Normal view
MARC view
- Comunicación en la educación
Entry Materia
Number of records used in: 421
001 - NÚMERO DE CONTROL DEL REGISTRO
- campo de control: 1520
003 - IDENTIFICADOR DE NUMERO DE CONTROL
- campo de control: MX-MxUPN
005 - FECHA Y HORA DE LA ÚLTIMA TRANSACCIÓN
- campo de control: 20240910164828.0
008 - DATOS DE LONGITUD FIJA
- campo de control de longitud fija: 230614n||acnnnbabn | ana |d
035 ## - NÚMERO DE CONTROL DEL SISTEMA
- Número de control del sistema: UPN10000001520
040 ## - FUENTE DE LA CATALOGACIÓN
- Centro catalogador de origen: MX-MxUPN
- Lengua de catalogación: spa
- Agencia de transcripción: MX-MxUPN
053 #4 - NÚMERO CLASIFICADOR - BIBLIOTECA DEL CONGRESO (LC)
- Elemento numérico de la clasificación - Número único o no. inicial del rango: LB1033.5
150 ## - ENCABEZAMIENTO - TEMÁTICO
- Término de materia o nombre geográfico como elemento inicial: Comunicación en la educación
450 ## - VÉASE - MATERIA
- Encabezamiento temático: Comunicación educativa
450 ## - VÉASE - MATERIA
- Encabezamiento temático: Educación -
- Subdivisión temática general: Comunicación
670 ## - FUENTE EN LA QUE SE LOCALIZARON DATOS
- Cita de la fuente: SHLC
- Información localizada: Communication in education
902 ## - CATALOGADOR
- Catalogador: MEEG/200996
